00470nam a22001457a 450000500170000001000150001702000250003203500140005708200100007110000220008124500790010326000630018227000560024530000230030120230804123421.0 aENG-137672 a9788190632270c50.00 aEN-121204 a181.41 aKrishna Murty, A. aSilent Thunder :cby A.Krishna Murthyb"self " a scientific perspective / aHyderabadbInstitute Of Scientific Research on Vedasc2010 a11-13-279, Road No.8, Alakapuri,bHyderabade500035 a160p. c22cm (pbk)